| 000 | 00460nam a22001817a 4500 | ||
|---|---|---|---|
| 003 | CEME | ||
| 005 | 20210628210650.0 | ||
| 008 | 210211b xxu||||| |||| 00| 0 eng d | ||
| 020 | _a81-7554-003-6 | ||
| 040 | _c. | ||
| 082 | _a658.409 HUS | ||
| 100 |
_aHussey, D.E _980418 |
||
| 245 | _aHow to manage organisational change | ||
| 260 |
_aNEW DELHI _bKOGAN PAGE _c1997 |
||
| 300 | _a101P | ||
| 650 |
_aORGANISATIONAL CHANGE-SKILLS _980419 |
||
| 942 |
_cBK _2ddc |
||
| 999 |
_c585358 _d585358 |
||